figure out the taylor swift song pt 5 - Statistics

General Stats
  • This quiz has been taken 38 times
  • The average score is 249 of 378
Answer Stats
Answer % Correct
i
100%
a
97%
you
97%
be
93%
it
93%
the
93%
who
93%
your
93%
know
90%
me
90%
when
90%
an
86%
and
86%
im
86%
in
86%
love
86%
that
86%
go
83%
on
83%
youre
83%
now
79%
to
79%
all
76%
so
76%
then
76%
dont
72%
my
72%
think
72%
is
69%
long
69%
too
69%
was
69%
can
66%
could
66%
gone
66%
its
66%
like
66%
of
66%
see
66%
with
66%
young
66%
are
62%
at
62%
but
62%
by
62%
dear
62%
dress
62%
girl
62%
home
62%
john
62%
they
62%
this
62%
were
62%
why
62%
day
59%
never
59%
nights
59%
through
59%
way
59%
back
55%
blue
55%
every
55%
ill
55%
them
55%
up
55%
around
52%
cause
52%
messed
52%
out
52%
should've
52%
shouldve
52%
wont
52%
as
48%
cried
48%
days
48%
get
48%
have
48%
how
48%
known
48%
loved
48%
oh
48%
over
48%
said
48%
whole
48%
eyes
45%
game
45%
mind
45%
revolved
45%
song
45%
take
45%
changed
41%
fire
41%
give
41%
let
41%
look
41%
need
41%
once
41%
rain
41%
run
41%
sad
41%
turn
41%
twisted
41%
well
41%
youll
41%
youve
41%
away
38%
dark
38%
empty
38%
footsteps
38%
girls
38%
mother
38%
nineteens
38%
paint
38%
phone
38%
played
38%
rules
38%
sick
38%
sky
38%
sorry
38%
tonight
38%
town
38%
version
38%
which
38%
wrong
38%
accused
34%
again
34%
before
34%
catch
34%
chess
34%
counting
34%
dry
34%
expert
34%
fall
34%
fine
34%
fireworks
34%
floor
34%
games
34%
impressed
34%
lived
34%
losing
34%
might
34%
praying
34%
swore
34%
acing
31%
blurry
31%
lines
31%
matches
31%
picking
31%
shining
31%
tests
31%
tired
31%
understand
31%
wondering
31%
blind
28%
fast
28%
ignored
28%
keeping
28%
lifeless
28%
list
28%
maybe
28%
or
28%
regret
28%
stopped
28%
took
28%
blame
24%
name
24%
traitors
24%
wrote
24%
add
21%
burnt
21%
optimism
21%
No matching quizzes found
Score Distribution
Percent of People with Each Score
Percentile by Number Answered
Your Score History
You have not taken this quiz